[Event "Erfurt op Seniors 29th"]
[Site "Erfurt"]
[Date "2019.12.28"]
[Round "3"]
[White "Schulz, Uwe1111"]
[Black "Werner, Bernd Michael"]
[Result "1-0"]
[WhiteElo "1842"]
[BlackElo "2059"]
[PlyCount "73"]
[EventDate "2019.12.26"]
[EventType "swiss"]
[EventRounds "5"]
[EventCountry "GER"]
[SourceTitle "CBM 194 Extra"]
[Source "ChessBase"]
[SourceDate "2020.03.31"]
[SourceVersion "1"]
[SourceVersionDate "2020.03.31"]
[SourceQuality "1"]

1. d4 Nf6 2. c4 g6 3. Nf3 Bg7 4. g3 d6 5. Bg2 Nbd7 6. 0-0 c6 7. Nc3 0-0 8. Bd2 h6 9. Qc2 e5 10. dxe5 dxe5 11. Rad1 Qe7 12. e4 a5 13. h3 Nc5 14. Nh4 Ne6 15. Be3 Nd7 16. Kh2 Kh7 17. Ne2 Bf6 18. f4 c5 19. fxe5 Bxe5 20. Nf5 Qd8 21. Nxh6 Nd4 22. Bxd4 Bxd4 23. Nxd4 cxd4 24. Ng4 Nc5 25. Nf6+ Kg7 26. Qf2 Ne6 27. Nd5 f5 28. exf5 gxf5 29. Qe2 Qd6 30. Nf4 Ra6 31. Bd5 Ng5 32. Qd2 Qh6 33. Qxd4+ Raf6 34. h4 Rd8 35. Rde1 Ne4 36. Rxe4 fxe4 37. Nh5+ 1-0

[Event "Erfurt op Seniors 29th"]
[Site "Erfurt"]
[Date "2019.12.27"]
[Round "2"]
[White "Werner, Bernd Michael"]
[Black "Svanholm, Borge Waaktaar"]
[Result "0-1"]
[WhiteElo "2059"]
[BlackElo "1727"]
[PlyCount "70"]
[EventDate "2019.12.26"]
[EventType "swiss"]
[EventRounds "5"]
[EventCountry "GER"]
[SourceTitle "CBM 194 Extra"]
[Source "ChessBase"]
[SourceDate "2020.03.31"]
[SourceVersion "1"]
[SourceVersionDate "2020.03.31"]
[SourceQuality "1"]

1. e4 e6 2. d4 d5 3. e5 c5 4. f4 cxd4 5. Nf3 Nc6 6. a3 a5 7. Bd3 Be7 8. Qe2 Nh6 9. b3 Qb6 10. Nbd2 Bd7 11. Nf1 0-0 12. h3 f6 13. exf6 Bxf6 14. g4 Be7 15. Ng3 Rae8 16. 0-0 Qc7 17. Qg2 Bd6 18. Ne2 Kh8 19. Bd2 Nf7 20. g5 g6 21. c3 e5 22. Nxe5 Nfxe5 23. fxe5 Nxe5 24. Nf4 Rxf4 25. Bxf4 Nxd3 26. Bxd6 Qxd6 27. Rf6 Qe5 28. Raf1 Qe3+ 29. Kh2 dxc3 30. R6f3 Qe5+ 31. Kg1 Bf5 32. Rg3 Be4 33. Re3 Bxg2 34. Rxe5 Rxe5 35. Kxg2 c2 0-1

[Event "Erfurt ST op 26th"]
[Site "Erfurt"]
[Date "2016.12.26"]
[Round "1"]
[White "Werner, Bernd Michael"]
[Black "Haase, Manfred"]
[Result "1-0"]
[WhiteElo "2043"]
[BlackElo "1756"]
[PlyCount "71"]
[EventDate "2016.12.26"]
[EventType "swiss"]
[EventRounds "8"]
[EventCountry "GER"]
[SourceTitle "EXT 2018"]
[Source "ChessBase"]
[SourceDate "2017.10.13"]
[SourceVersion "1"]
[SourceVersionDate "2017.10.13"]
[SourceQuality "1"]

1. e4 c5 2. c4 Nc6 3. g3 g6 4. Nc3 Bg7 5. Nge2 e5 6. d3 d6 7. Bg2 Nge7 8. 0-0 0-0 9. a3 a6 10. Nd5 Nxd5 11. cxd5 Na7 12. Nc3 b5 13. b4 cxb4 14. axb4 Bb7 15. Be3 Nc8 16. Qd2 Ne7 17. f4 f5 18. fxe5 Bxe5 19. Rac1 fxe4 20. dxe4 Rxf1+ 21. Rxf1 Qc7 22. Ne2 Rf8 23. Rc1 Qd8 24. Nd4 Bc8 25. Nf3 Bf6 26. h4 Bg4 27. Bf4 Nc8 28. Nd4 Rf7 29. Nc6 Qd7 30. Kh2 Nb6 31. Na5 Nc8 32. Rc6 Be7 33. Rxa6 Qd8 34. Nc6 Qd7 35. e5 dxe5 36. Nxe5 1-0

[Event "Erfurt HT op 24th"]
[Site "Erfurt"]
[Date "2014.12.30"]
[Round "8"]
[White "Drehwald, Manuel Sebastian"]
[Black "Werner, Bernd Michael"]
[Result "1-0"]
[WhiteElo "1760"]
[BlackElo "2074"]
[PlyCount "37"]
[EventDate "2014.12.26"]
[EventType "swiss"]
[EventRounds "8"]
[EventCountry "GER"]
[SourceTitle "EXT 2016"]
[Source "ChessBase"]
[SourceDate "2015.10.08"]
[SourceVersion "1"]
[SourceVersionDate "2015.10.08"]
[SourceQuality "1"]

1. e4 Nf6 2. Nc3 c6 3. e5 Nd5 4. d4 Nxc3 5. bxc3 g6 6. f4 Bg7 7. Bd3 d6 8. Nf3 0-0 9. 0-0 Bg4 10. Qe1 Nd7 11. Qh4 Bxf3 12. Rxf3 dxe5 13. fxe5 e6 14. Bg5 Qb6 15. Rh3 h5 16. g4 Bxe5 17. gxh5 Kg7 18. hxg6 Rh8 19. Bh6+ 1-0

[Event "Baden-ch U2000 op"]
[Site "Waldshut Tiengen"]
[Date "2014.06.21"]
[Round "7"]
[White "Werner, Bernd Michael"]
[Black "Keller, Felix"]
[Result "0-1"]
[WhiteElo "2073"]
[BlackElo "1871"]
[PlyCount "74"]
[EventDate "2014.06.19"]
[EventType "swiss"]
[EventRounds "7"]
[EventCountry "GER"]
[SourceTitle "EXT 2015"]
[Source "ChessBase"]
[SourceDate "2014.11.20"]
[SourceVersion "1"]
[SourceVersionDate "2014.11.20"]
[SourceQuality "1"]

1. c4 e5 2. Nc3 Nc6 3. g3 d6 4. Bg2 f5 5. d3 Nf6 6. e4 g6 7. Nge2 Bg7 8. 0-0 0-0 9. Rb1 Rb8 10. b4 Be6 11. b5 Nd4 12. Nxd4 exd4 13. Nd5 Bxd5 14. cxd5 Nd7 15. f4 Nc5 16. Ba3 Nd7 17. Re1 Re8 18. Rc1 b6 19. Rc2 Nc5 20. Rc4 Qd7 21. Qb1 a6 22. bxa6 Nxa6 23. Bb2 b5 24. Rcc1 b4 25. Rc4 Qb5 26. Qc2 b3 27. axb3 fxe4 28. Bxe4 Nc5 29. Bxd4 Bxd4+ 30. Rxd4 Nxb3 31. Rc4 Nc5 32. Rf1 Qa5 33. f5 Qa7 34. Kh1 Rf8 35. g4 Qa3 36. Kg1 Rb2 37. Qd1 Nxe4 0-1

[Event "Erfurt op HT 23rd"]
[Site "Erfurt"]
[Date "2013.12.29"]
[Round "7"]
[White "Minor, Viatcheslav"]
[Black "Werner, Bernd Michael"]
[Result "1/2-1/2"]
[WhiteElo "2035"]
[BlackElo "2087"]
[PlyCount "91"]
[EventDate "2013.12.26"]
[EventType "swiss"]
[EventRounds "8"]
[EventCountry "GER"]
[SourceTitle "EXT 2016"]
[Source "ChessBase"]
[SourceDate "2015.10.08"]
[SourceVersion "1"]
[SourceVersionDate "2015.10.08"]
[SourceQuality "1"]

1. d4 Nf6 2. c4 g6 3. Nc3 Bg7 4. e4 d6 5. h3 0-0 6. Be3 b6 7. Nf3 Bb7 8. Nd2 e5 9. d5 Nfd7 10. g4 Na6 11. g5 f5 12. gxf6 Nxf6 13. h4 Nh5 14. Nf3 Nc5 15. b4 Na6 16. a3 Nf4 17. Rc1 Bc8 18. Ng5 h6 19. Bxf4 exf4 20. Ne6 Bxe6 21. dxe6 Bxc3+ 22. Rxc3 Qf6 23. Qc2 c5 24. Bh3 Nc7 25. Rg1 Nxe6 26. Bxe6+ Qxe6 27. f3 Kh7 28. Rd3 Qf6 29. Rg4 cxb4 30. axb4 a5 31. Qd2 Rad8 32. bxa5 bxa5 33. Qxa5 Ra8 34. Qd5 Ra1+ 35. Ke2 Qb2+ 36. Rd2 Qb1 37. Rd1 Ra2+ 38. Rd2 Ra3 39. Qxd6 Re3+ 40. Kf2 Qe1+ 41. Kg2 Re2+ 42. Rxe2 Qxe2+ 43. Kg1 Qe1+ 44. Kg2 Qe2+ 45. Kg1 Qe1+ 46. Kg2 1/2-1/2

[Event "Baden-ch op U2000"]
[Site "Birkenfeld"]
[Date "2013.06.01"]
[Round "5"]
[White "Werner, Bernd Michael"]
[Black "Hartmann, Martin"]
[Result "1-0"]
[WhiteElo "2087"]
[BlackElo "1788"]
[PlyCount "61"]
[EventDate "2013.05.30"]
[EventType "swiss"]
[EventRounds "7"]
[EventCountry "GER"]
[SourceTitle "EXT 2014"]
[Source "ChessBase"]
[SourceDate "2013.11.20"]
[SourceVersion "1"]
[SourceVersionDate "2013.11.20"]
[SourceQuality "1"]

1. e4 c5 2. c4 Nc6 3. g3 g6 4. Bg2 e5 5. d3 Bg7 6. Nc3 d6 7. Nge2 Nge7 8. 0-0 0-0 9. Rb1 f5 10. f4 fxe4 11. Nxe4 Bg4 12. h3 Bxe2 13. Qxe2 Nf5 14. fxe5 Nxe5 15. b4 Nd4 16. Qd1 Rxf1+ 17. Qxf1 Qe7 18. bxc5 dxc5 19. Rxb7 Qe6 20. Bg5 Kh8 21. Rxg7 Kxg7 22. Bf6+ Kg8 23. Bxe5 Rf8 24. Nf6+ Rxf6 25. Qxf6 Qxf6 26. Bxf6 Ne2+ 27. Kf2 Nc1 28. Ke3 Nxa2 29. Be7 a5 30. Bxc5 a4 31. Kd2 1-0

[Event "Baden-ch op U2000"]
[Site "Birkenfeld"]
[Date "2013.05.31"]
[Round "4"]
[White "Kuehn, Kolja"]
[Black "Werner, Bernd Michael"]
[Result "1-0"]
[WhiteElo "1985"]
[BlackElo "2087"]
[PlyCount "61"]
[EventDate "2013.05.30"]
[EventType "swiss"]
[EventRounds "7"]
[EventCountry "GER"]
[SourceTitle "EXT 2014"]
[Source "ChessBase"]
[SourceDate "2013.11.20"]
[SourceVersion "1"]
[SourceVersionDate "2013.11.20"]
[SourceQuality "1"]

1. e4 Nf6 2. e5 Nd5 3. Bc4 c6 4. Nf3 d6 5. Nc3 dxe5 6. Nxe5 Be6 7. 0-0 Nd7 8. Nxd7 Nxc3 9. bxc3 Bxc4 10. d3 Qxd7 11. dxc4 Qxd1 12. Rxd1 Rd8 13. Be3 b6 14. c5 b5 15. Rxd8+ Kxd8 16. a4 a6 17. axb5 axb5 18. c4 bxc4 19. Ra4 Kd7 20. Rxc4 e5 21. f4 f6 22. fxe5 fxe5 23. Ra4 Ke6 24. Ra7 h5 25. Kf2 g5 26. Kf3 Kd5 27. h3 e4+ 28. Ke2 g4 29. h4 Bh6 30. Rd7+ Ke5 31. Bd4+ 1-0

[Event "Baden-ch op U2000 "]
[Site "Emmendingen"]
[Date "2012.06.10"]
[Round "7"]
[White "Kaspereit, Holger"]
[Black "Werner, Bernd Michael"]
[Result "0-1"]
[WhiteElo "2094"]
[BlackElo "2115"]
[PlyCount "42"]
[EventDate "2012.06.07"]
[EventType "swiss"]
[EventRounds "7"]
[EventCountry "GER"]
[SourceTitle "EXT 2013"]
[Source "ChessBase"]
[SourceDate "2012.11.22"]
[SourceVersion "1"]
[SourceVersionDate "2012.11.22"]
[SourceQuality "1"]

1. c4 Nf6 2. g3 g6 3. Bg2 Bg7 4. Nc3 d6 5. e4 e5 6. d3 0-0 7. Nge2 c6 8. 0-0 a6 9. a4 a5 10. h3 Na6 11. Be3 Nd7 12. f4 f5 13. Qd2 Ndc5 14. Rae1 Nb3 15. Qd1 Nd4 16. Bxd4 exd4 17. Na2 Nc5 18. Nac1 Qb6 19. b3 fxe4 20. dxe4 d3 21. Nxd3 Nxd3+ 0-1

[Event "Baden-ch op U2000 "]
[Site "Emmendingen"]
[Date "2012.06.08"]
[Round "2"]
[White "Bohnert, Dominik"]
[Black "Werner, Bernd Michael"]
[Result "1/2-1/2"]
[WhiteElo "1891"]
[BlackElo "2115"]
[PlyCount "59"]
[EventDate "2012.06.07"]
[EventType "swiss"]
[EventRounds "7"]
[EventCountry "GER"]
[SourceTitle "EXT 2013"]
[Source "ChessBase"]
[SourceDate "2012.11.22"]
[SourceVersion "1"]
[SourceVersionDate "2012.11.22"]
[SourceQuality "1"]

1. e4 Nf6 2. Nc3 d5 3. exd5 g6 4. Bc4 Bg7 5. Nf3 0-0 6. 0-0 Nbd7 7. d4 Nb6 8. Bb3 Nfxd5 9. Nxd5 Nxd5 10. c3 c6 11. Re1 h6 12. Ne5 Qd6 13. Qf3 Be6 14. c4 Nc7 15. Qe3 Rad8 16. Nxg6 Bxd4 17. Qxh6 Bg7 18. c5 Qxc5 19. Qg5 Qxg5 20. Bxg5 fxg6 21. Bxe6+ Nxe6 22. Rxe6 Bf6 23. Rae1 Rd5 24. Bxf6 exf6 25. g3 Rd2 26. R1e2 Rxe2 27. Rxe2 Kf7 28. f4 Rd8 29. Kf2 Rd6 30. Kf3 1/2-1/2

[Event "Baden-ch op U2000 "]
[Site "Emmendingen"]
[Date "2012.06.08"]
[Round "3"]
[White "Werner, Bernd Michael"]
[Black "Neuner, Johannes"]
[Result "1/2-1/2"]
[WhiteElo "2115"]
[BlackElo "1989"]
[PlyCount "41"]
[EventDate "2012.06.07"]
[EventType "swiss"]
[EventRounds "7"]
[EventCountry "GER"]
[SourceTitle "EXT 2013"]
[Source "ChessBase"]
[SourceDate "2012.11.22"]
[SourceVersion "1"]
[SourceVersionDate "2012.11.22"]
[SourceQuality "1"]

1. e4 c6 2. c4 d5 3. exd5 cxd5 4. cxd5 Nf6 5. Bb5+ Nbd7 6. Nc3 a6 7. Be2 b5 8. Bf3 Bb7 9. d4 Nb6 10. d6 Bxf3 11. Qxf3 Qxd6 12. Nge2 Rc8 13. 0-0 Nbd5 14. Ne4 Nxe4 15. Qxe4 e6 16. Nf4 Nf6 17. Qf3 Be7 18. Be3 0-0 19. Rac1 Qd7 20. Nd3 Qd5 21. Qxd5 1/2-1/2

[Event "Hessen-chA"]
[Site "Offenbach"]
[Date "2012.04.05"]
[Round "4"]
[White "Krzesinski, Paul"]
[Black "Werner, Bernd Michael"]
[Result "1-0"]
[WhiteElo "1948"]
[BlackElo "2080"]
[PlyCount "122"]
[EventDate "2012.04.05"]
[EventType "swiss"]
[EventRounds "7"]
[EventCountry "GER"]
[SourceTitle "EXT 2013"]
[Source "ChessBase"]
[SourceDate "2012.11.22"]
[SourceVersion "1"]
[SourceVersionDate "2012.11.22"]
[SourceQuality "1"]

1. e4 Nf6 2. Nc3 d5 3. e5 Nfd7 4. e6 fxe6 5. d4 c5 6. Nf3 Nc6 7. Bb5 g6 8. dxc5 Bg7 9. Be3 0-0 10. 0-0 Qa5 11. Rb1 a6 12. Bxc6 bxc6 13. Re1 Rb8 14. Nd4 Bxd4 15. Bxd4 e5 16. Bxe5 Nxe5 17. Rxe5 Qxc5 18. Qe1 Rf7 19. b3 Bf5 20. Rc1 Rbf8 21. Nd1 Bg4 22. Ne3 Bd7 23. f3 Qd4 24. Qg3 Qb2 25. Rd1 Qxa2 26. Qh4 Qa3 27. Qd4 Rf4 28. Qc3 Qd6 29. Qa1 Bc8 30. Re1 R8f7 31. Kh1 Qf6 32. Kg1 h5 33. Nf1 h4 34. Nd2 Qd6 35. Qc3 Rg7 36. Qe3 Rff7 37. c3 Qf6 38. b4 g5 39. h3 Kh7 40. Nb3 Bf5 41. Nd4 Bd7 42. Qd3+ Qg6 43. Qxa6 Kh6 44. Qe2 Rh7 45. Qe3 Bc8 46. Ne6 Rf5 47. Nd4 Rff7 48. Ra1 Rhg7 49. Kh2 Qd6 50. Ra8 Rg8 51. Kg1 Qg6 52. Ra7 Rgg7 53. Rc7 Rg8 54. Nxc6 e6 55. Ne7 Qb1+ 56. Kh2 Kh7 57. Nxg8 Rxc7 58. Nf6+ Kg6 59. Ne8 Rc6 60. Qa7 Kh5 61. Qg7 Qg6 1-0

[Event "Hessen-chA"]
[Site "Offenbach"]
[Date "2012.04.05"]
[Round "1"]
[White "Partzsch, Lukas"]
[Black "Werner, Bernd Michael"]
[Result "0-1"]
[WhiteElo "2124"]
[BlackElo "2080"]
[PlyCount "64"]
[EventDate "2012.04.05"]
[EventType "swiss"]
[EventRounds "7"]
[EventCountry "GER"]
[SourceTitle "EXT 2013"]
[Source "ChessBase"]
[SourceDate "2012.11.22"]
[SourceVersion "1"]
[SourceVersionDate "2012.11.22"]
[SourceQuality "1"]

1. d4 Nf6 2. c4 g6 3. Nc3 Bg7 4. e4 d6 5. Be3 0-0 6. f3 c5 7. Nge2 Nc6 8. Qd2 e6 9. d5 exd5 10. Nxd5 Nxd5 11. cxd5 Ne5 12. Nc3 a6 13. a4 Qa5 14. Ra3 f5 15. Be2 fxe4 16. Nxe4 Qxd2+ 17. Bxd2 Nf7 18. Bc3 Bxc3+ 19. Nxc3 Re8 20. Kf2 b6 21. Rb3 Rb8 22. f4 Nh6 23. Re1 Nf5 24. Bd3 Rxe1 25. Kxe1 Nd4 26. Ra3 Bf5 27. Kd2 Bxd3 28. Kxd3 h5 29. Ne4 Nf5 30. Ra1 Kg7 31. g3 Re8 32. Ra3 c4+ 0-1

[Event "Wuerttemberg-ch KT"]
[Site "Lauffen am Neckar"]
[Date "2011.08.28"]
[Round "2"]
[White "Werner, Bernd Michael"]
[Black "Maier, Armin"]
[Result "1/2-1/2"]
[WhiteElo "2138"]
[BlackElo "2066"]
[PlyCount "58"]
[EventDate "2011.08.26"]
[EventType "swiss"]
[EventRounds "9"]
[EventCountry "GER"]
[SourceTitle "EXT 2017"]
[Source "ChessBase"]
[SourceDate "2016.10.25"]
[SourceVersion "1"]
[SourceVersionDate "2016.10.25"]
[SourceQuality "1"]

1. c4 c5 2. Nc3 Nc6 3. g3 g6 4. Bg2 Bg7 5. e4 e6 6. Nge2 Nge7 7. d3 d6 8. Rb1 0-0 9. 0-0 b6 10. a3 Bb7 11. Be3 Nd4 12. b3 Qd7 13. Qd2 Rad8 14. f4 f5 15. Bf2 e5 16. Nxd4 cxd4 17. Nd5 fxe4 18. dxe4 Nxd5 19. exd5 Bc8 20. Rbd1 Qc7 21. h3 Qc5 22. Qc1 Rde8 23. Rfe1 Bd7 24. Kh2 g5 25. b4 Qc8 26. Re4 Bf5 27. Ree1 Bd7 28. Re4 Bf5 29. Ree1 Bd7 1/2-1/2

[Event "Hessen-ch Gr-A+B 65th"]
[Site "Gladenbach"]
[Date "2011.04.22"]
[Round "4"]
[White "Werner, Bernd Michael"]
[Black "Iwanziw, Niklas"]
[Result "1-0"]
[WhiteElo "2162"]
[BlackElo "1950"]
[PlyCount "87"]
[EventDate "2011.04.20"]
[EventType "swiss"]
[EventRounds "7"]
[EventCountry "GER"]
[SourceTitle "CBM 142 Extra"]
[Source "ChessBase"]
[SourceDate "2011.06.27"]
[SourceVersion "1"]
[SourceVersionDate "2011.06.27"]
[SourceQuality "1"]

1. e4 c5 2. c4 Nc6 3. Nc3 g6 4. g3 Bg7 5. Bg2 e6 6. Nge2 Nge7 7. 0-0 a6 8. a3 b5 9. d3 Rb8 10. Bf4 d6 11. Qd2 Na5 12. Rab1 bxc4 13. Rfd1 Nb3 14. Qc2 cxd3 15. Rxd3 e5 16. Bg5 f6 17. Be3 Nd4 18. Qd1 0-0 19. h3 Kh8 20. b4 Be6 21. Rd2 Qc7 22. f4 f5 23. Kh1 Nec6 24. exf5 Nxf5 25. Bf2 cxb4 26. axb4 Rxb4 27. Rc1 Qd7 28. Ne4 Nfd4 29. fxe5 dxe5 30. Nc5 Qd6 31. Nxe6 Qxe6 32. Rxc6 Nxc6 33. Bc5 Rc4 34. Rd6 Qf5 35. Rxc6 e4 36. Qd6 Re8 37. Be3 Rxc6 38. Qxc6 Qe6 39. Qa4 Rc8 40. Nd4 Qc4 41. Qd7 Qc7 42. Qe6 Rd8 43. Nc6 Qd6 44. Nxd8 1-0

[Event "Hessen-ch Gr-A+B 65th"]
[Site "Gladenbach"]
[Date "2011.04.21"]
[Round "3"]
[White "Will, Patrick"]
[Black "Werner, Bernd Michael"]
[Result "1-0"]
[WhiteElo "1984"]
[BlackElo "2162"]
[PlyCount "85"]
[EventDate "2011.04.20"]
[EventType "swiss"]
[EventRounds "7"]
[EventCountry "GER"]
[SourceTitle "CBM 142 Extra"]
[Source "ChessBase"]
[SourceDate "2011.06.27"]
[SourceVersion "1"]
[SourceVersionDate "2011.06.27"]
[SourceQuality "1"]

1. d4 Nf6 2. c4 g6 3. Nf3 Bg7 4. g3 d6 5. Bg2 Nbd7 6. 0-0 0-0 7. Nc3 c6 8. e4 e5 9. h3 a6 10. a4 a5 11. Be3 Re8 12. Ne1 Qc7 13. Nd3 exd4 14. Bxd4 Ne5 15. b3 Bd7 16. f4 Nxd3 17. Qxd3 Rad8 18. Rad1 Bc8 19. Kh2 Nh5 20. Ne2 f5 21. Bxg7 Nxg7 22. Nd4 Qf7 23. Rfe1 Qf6 24. Qd2 fxe4 25. Bxe4 Nh5 26. Bf3 Ng7 27. Qxa5 c5 28. Nb5 g5 29. Qc3 Qh6 30. g4 gxf4 31. Rxe8+ Rxe8 32. Re1 Re3 33. Rxe3 fxe3 34. Qd3 Qf4+ 35. Kg2 Ne8 36. Qe4 Qxe4 37. Bxe4 Kg7 38. Kf3 h5 39. gxh5 Bxh3 40. Kxe3 Bg4 41. Bxb7 Bd1 42. a5 Bxb3 43. a6 1-0

[Event "Wuerttemberg-ch KT"]
[Site "Stuttgart"]
[Date "2010.09.05"]
[Round "9"]
[White "Kuechle, Wolfgang"]
[Black "Werner, Bernd Michael"]
[Result "1-0"]
[WhiteElo "2066"]
[BlackElo "2173"]
[PlyCount "141"]
[EventDate "2010.08.28"]
[EventType "swiss"]
[EventRounds "9"]
[EventCountry "GER"]
[SourceTitle "EXT 2017"]
[Source "ChessBase"]
[SourceDate "2016.10.25"]
[SourceVersion "1"]
[SourceVersionDate "2016.10.25"]
[SourceQuality "1"]

1. c4 Nf6 2. g3 g6 3. Bg2 Bg7 4. Nc3 d6 5. e4 e5 6. Nge2 0-0 7. 0-0 Be6 8. d3 Qd7 9. Nd5 Nh5 10. f4 c6 11. Ne3 exf4 12. Nxf4 Nxf4 13. gxf4 f5 14. Qf3 Na6 15. exf5 gxf5 16. Rd1 Bd4 17. Kh1 Qg7 18. Rb1 Nc5 19. Nc2 Bf6 20. Be3 Kh8 21. b3 Rg8 22. Qf2 Qh6 23. Bf3 Bd7 24. Nd4 Rae8 25. b4 Na4 26. Ne2 b6 27. Rg1 c5 28. Bd5 Rg7 29. Rg5 Bxg5 30. fxg5 Qh3 31. Bf3 Rge7 32. Nf4 Qxf3+ 33. Qxf3 Rxe3 34. Qb7 Nc3 35. Rb3 Re1+ 36. Kg2 Ne2 37. Nxe2 R1xe2+ 38. Kf1 R8e7 39. Qxd7 Rxd7 40. Kxe2 Kg7 41. Kf3 Kg6 42. h4 Re7 43. b5 Kh5 44. Kf4 Kxh4 45. Rb1 Kh5 46. Rh1+ Kg6 47. Rh6+ Kg7 48. Rxd6 Rf7 49. a4 Kf8 50. Rd5 Ke7 51. Rxf5 Rg7 52. a5 Rg6 53. Re5+ Kd6 54. Rd5+ Kc7 55. Kf5 Rg7 56. a6 Rf7+ 57. Ke6 Rg7 58. Rf5 Rg6+ 59. Ke7 h6 60. gxh6 Rxh6 61. Rf8 Rh3 62. Ra8 Re3+ 63. Kf6 Rxd3 64. Rxa7+ Kc8 65. Rb7 Rd6+ 66. Ke5 Rh6 67. Rf7 Kb8 68. Rf6 Rh5+ 69. Kd6 Rh7 70. Kc6 Ka7 71. Rd6 1-0

[Event "Wuerttemberg-ch KT"]
[Site "Stuttgart"]
[Date "2010.09.04"]
[Round "8"]
[White "Werner, Bernd Michael"]
[Black "Kunz, Walter"]
[Result "1/2-1/2"]
[WhiteElo "2173"]
[BlackElo "2173"]
[PlyCount "21"]
[EventDate "2010.08.28"]
[EventType "swiss"]
[EventRounds "9"]
[EventCountry "GER"]
[SourceTitle "EXT 2017"]
[Source "ChessBase"]
[SourceDate "2016.10.25"]
[SourceVersion "1"]
[SourceVersionDate "2016.10.25"]
[SourceQuality "1"]

1. e4 c5 2. c4 Nc6 3. Nc3 g6 4. g3 Bg7 5. Bg2 d6 6. Nge2 Nf6 7. 0-0 0-0 8. d3 Ne8 9. Nd5 e6 10. Ndc3 Nc7 11. Be3 1/2-1/2

[Event "Wuerttemberg-ch KT"]
[Site "Stuttgart"]
[Date "2010.08.31"]
[Round "4"]
[White "Werner, Bernd Michael"]
[Black "Hornecker, Siegfried"]
[Result "0-1"]
[WhiteElo "2173"]
[BlackElo "1954"]
[PlyCount "38"]
[EventDate "2010.08.28"]
[EventType "swiss"]
[EventRounds "9"]
[EventCountry "GER"]
[SourceTitle "EXT 2017"]
[Source "ChessBase"]
[SourceDate "2016.10.25"]
[SourceVersion "1"]
[SourceVersionDate "2016.10.25"]
[SourceQuality "1"]

1. c4 e5 2. Nc3 Nf6 3. g3 d5 4. Bg2 d4 5. Nd5 Nfd7 6. Qa4 a5 7. f4 c6 8. fxe5 cxd5 9. cxd5 Ra6 10. Nf3 Bc5 11. d3 0-0 12. 0-0 Nb6 13. Qb5 Bb4 14. Bg5 f6 15. exf6 gxf6 16. Ne5 fxg5 17. Rxf8+ Qxf8 18. Rf1 Qe7 19. d6 Bxd6 0-1

[Event "Wuerttemberg-ch KT"]
[Site "Stuttgart"]
[Date "2010.08.30"]
[Round "3"]
[White "Seyfried, Claus"]
[Black "Werner, Bernd Michael"]
[Result "1-0"]
[WhiteElo "2087"]
[BlackElo "2173"]
[PlyCount "83"]
[EventDate "2010.08.28"]
[EventType "swiss"]
[EventRounds "9"]
[EventCountry "GER"]
[SourceTitle "EXT 2017"]
[Source "ChessBase"]
[SourceDate "2016.10.25"]
[SourceVersion "1"]
[SourceVersionDate "2016.10.25"]
[SourceQuality "1"]

1. e4 Nf6 2. e5 Nd5 3. d4 d6 4. Nf3 g6 5. Bc4 dxe5 6. dxe5 c6 7. 0-0 Bg7 8. h3 0-0 9. Qe2 h6 10. Rd1 Be6 11. Nd4 Nd7 12. Nxe6 fxe6 13. Qg4 Rf5 14. Qxg6 Nf8 15. Qg3 Kf7 16. f4 Qb6+ 17. Kh1 Rd8 18. Na3 Qc7 19. Bd2 Kg8 20. Bd3 Rf7 21. c4 Nb6 22. Bc2 Nbd7 23. Bc3 a6 24. Rd2 Rb8 25. Rad1 b5 26. Nb1 Rb7 27. b3 a5 28. cxb5 Rxb5 29. Bg6 Rxf4 30. Be8 Rxe5 31. Bxe5 Qxe5 32. Bxd7 Rf1+ 33. Kh2 Qxg3+ 34. Kxg3 Be5+ 35. Kh4 Rf5 36. Be8 Kg7 37. Re2 Rf4+ 38. g4 Bc7 39. Nc3 Rf3 40. Ne4 Bf4 41. Rg1 Nh7 42. g5 1-0

[Event "Hessen-ch Gr-B 64th"]
[Site "Bad Vilbel"]
[Date "2010.04.04"]
[Round "7"]
[White "Werner, Bernd Michael"]
[Black "Diez, Gerhard"]
[Result "1/2-1/2"]
[WhiteElo "2140"]
[BlackElo "2125"]
[PlyCount "25"]
[EventDate "2010.03.31"]
[EventType "swiss"]
[EventRounds "7"]
[EventCountry "GER"]
[SourceTitle "EXT 2011"]
[Source "ChessBase"]
[SourceDate "2010.11.26"]
[SourceVersion "1"]
[SourceVersionDate "2010.11.26"]
[SourceQuality "1"]

1. e4 e5 2. Nf3 Nc6 3. d4 exd4 4. Nxd4 Nf6 5. Nxc6 bxc6 6. Bd3 d6 7. 0-0 g6 8. c4 Bg7 9. Nc3 0-0 10. h3 Nd7 11. Be3 Ne5 12. Be2 Be6 13. Qa4 1/2-1/2

[Event "Villa Helenenhof op"]
[Site "Bad Schwalbach"]
[Date "2009.10.18"]
[Round "9"]
[White "Werner, Bernd Michael"]
[Black "Stecher, Armin"]
[Result "1-0"]
[WhiteElo "2009"]
[BlackElo "1476"]
[PlyCount "32"]
[EventDate "2009.10.12"]
[EventType "swiss"]
[EventRounds "9"]
[EventCountry "GER"]
[SourceTitle "CBM 132 Extra"]
[Source "ChessBase"]
[SourceDate "2009.11.03"]
[SourceVersion "1"]
[SourceVersionDate "2009.11.03"]
[SourceQuality "1"]

1. c4 Nf6 2. g3 e6 3. Bg2 d5 4. d4 h6 5. Nc3 Bb4 6. e3 0-0 7. Nge2 c6 8. c5 Nbd7 9. a3 Ba5 10. 0-0 e5 11. b4 Bc7 12. dxe5 Nxe5 13. h3 Nc4 14. Nd4 Re8 15. Qb3 a6 16. Rd1 Bf5 1-0